IVA e INC facturacin̤ /

Bibliographic Details
Main Author: Chavarro Cadena, Jorge Enrique
Other Authors: Chavarro Moreno, Cindy Lorena, Bello Franco, Eliecer
Format: eBook
Language:Spanish
Published: Bogot:̀ Grupo Editorial Nueva Legislacin̤, 2021
Subjects:
Online Access:Acceso restringido

MARC

LEADER 00000nam a22000007a 4500
005 20211111215913.0
007 cr|||| ||||
008 211111s2021 co |||||s|||| 00||0 spa d
020 |a 978-958-56259-4-5 
035 |a 35408 
040 |a vLex 
090 |c 12650  |d 12650 
100 1 |a Chavarro Cadena, Jorge Enrique 
245 1 0 |a IVA e INC  |h [Recurso electrn̤ico] :  |b facturacin̤ /  |c Jorge Enrique Chavarro Cadena, Cindy Lorena Chavarro Moreno, Eliecer Bello Franco 
256 |a Servicio en ln̕ea 
260 |a Bogot:̀  |b Grupo Editorial Nueva Legislacin̤,  |c 2021 
300 |a 1 recurso electrn̤ico 
506 1 |a Disponible solo en los productos indicados  |d vLex Global  |d vLex Global (Academic Edition, excluding Law Schools)  |d vLex Global (U.S. Academic Edition, Law Schools)  |d vLex Global (U.S. Academic Edition, excluding Law Schools)  |d vLex Global (Academic Edition, Law Schools) 
650 0 4 |a Derecho Fiscal  |z Colombia 
700 1 |a Chavarro Moreno, Cindy Lorena 
700 1 |a Bello Franco, Eliecer 
740 0 |a vLex Libros (Servicio en ln̕ea) 
856 4 0 |u https://app.vlex.com/#/sources/35408  |z Acceso restringido 
942 |c BOOK 
999 0 |a Tax Law